书目信息 |
| 题名: |
单片机原理及应用教程
|
|
| 作者: | 赵全利 主编 | |
| 分册: | ||
| 出版信息: | 北京 机械工业出版社 2020.06 |
|
| 页数: | 312页 | |
| 开本: | 26cm | |
| 丛书名: | 普通高等教育系列教材 | |
| 单 册: | ||
| 中图分类: | TP368.1 | |
| 科图分类: | ||
| 主题词: | 微控制器--wei kong zhi qi--高等教育--教材 | |
| 电子资源: | ||
| ISBN: | 978-7-111-65450-6 | |
| 000 | 01206nam 2200253 450 | |
| 001 | 2064145707 | |
| 005 | 20201104174920.33 | |
| 010 | @a978-7-111-65450-6@dCNY65.00 | |
| 100 | @a20200728d2020 em y0chiy50 ea | |
| 101 | 0 | @achi |
| 102 | @aCN@b110000 | |
| 105 | @aak z 000yy | |
| 200 | 1 | @a单片机原理及应用教程@Adan pian ji yuan li ji ying yong jiao cheng@f赵全利主编 |
| 205 | @a第4版 | |
| 210 | @a北京@c机械工业出版社@d2020.06 | |
| 215 | @a312页@c图@d26cm | |
| 225 | 2 | @a普通高等教育系列教材@Apu tong gao deng jiao yu xi lie jiao cai |
| 330 | @a本书从单片机应用的角度出发, 在第3版的基础上进行修正、精简、调整和扩充, 翔实地描述了51系列及兼容单片机体系结构、工作原理、功能部件及软硬件应用开发资源。在单片机硬件组成的基础上, 兼容汇编语言和C51应用程序的基础知识、编程技术、应用示例及单片机系统软硬件开发过程。本书以Keil集成环境、Proteus仿真软件及ISP下载等开发资源为平台, 引用了大量的单片机软硬件仿真调试示例及工程应用实例, 引导读者逐步认识、熟知、实践和应用单片机。 | |
| 410 | 0 | @12001 @a普通高等教育系列教材 |
| 606 | 0 | @a微控制器@Awei kong zhi qi@x高等教育@j教材 |
| 690 | @aTP368.1@v5 | |
| 701 | 0 | @a赵全利@Azhao quan li@4主编 |
| 801 | 0 | @aCN@b人天书店@c20200929 |
| 905 | @aZUCC@dTP368.1@eZ313 | |
| 单片机原理及应用教程/赵全利主编.-第4版.-北京:机械工业出版社,2020.06 |
| 312页:图;26cm.-(普通高等教育系列教材) |
| ISBN 978-7-111-65450-6:CNY65.00 |
| 本书从单片机应用的角度出发, 在第3版的基础上进行修正、精简、调整和扩充, 翔实地描述了51系列及兼容单片机体系结构、工作原理、功能部件及软硬件应用开发资源。在单片机硬件组成的基础上, 兼容汇编语言和C51应用程序的基础知识、编程技术、应用示例及单片机系统软硬件开发过程。本书以Keil集成环境、Proteus仿真软件及ISP下载等开发资源为平台, 引用了大量的单片机软硬件仿真调试示例及工程应用实例, 引导读者逐步认识、熟知、实践和应用单片机。 |
| ● |
| 相关链接 |
|
|
|
正题名:单片机原理及应用教程
索取号:TP368.1/Z313
 
预约/预借
| 序号 | 登录号 | 条形码 | 馆藏地/架位号 | 状态 | 备注 |
| 1 | 1477800 | 214778007 | 自科库301/301自科库 63排5列2层/ [索取号:TP368.1/Z313] | 在馆 | |
| 2 | 1477801 | 214778016 | 自科库301/301自科库 63排5列2层/ [索取号:TP368.1/Z313] | 在馆 |